000 00650nab a2200193 4500
001 244442
003 OSt
005 20230609120859.0
007 tu
008 200917s2020|||||||
040 _aDE-2950
_cDE-2950
245 0 0 _aWohnquartier wächst weiter.
_bImmobilie. Fast sieben Jahre zog sich der erste Bauabschnitt in den Ferdinandshöfen hin. Für einen weiteren Neubau sind nur rund sieben Monate vorgesehen /
_cThomas Gutke
264 _c2023
653 _aFrankfurt (Oder)
653 _aFerdinandshof
653 _aSanierung
773 0 _g34. Jahrgang (2023) Nr. 130 vom 07.06.2023, S. 15: mit Foto
_tMärkische Oderzeitung
942 _2z
_cA
999 _c372530
_d372530